| 000 | 01034cam a2200217 4500 | ||
|---|---|---|---|
| 001 | WB3929-18 | ||
| 008 | 030730n2003 000 0 eng u | ||
| 035 | _a(Sirsi) u123151 | ||
| 245 | _aCollaborative scheme to meet Curry proposals | ||
| 260 | _c2003 | ||
| 490 |
_aFarmers' Weekly _v139(3) 18 July 2003, 18(1) |
||
| 520 | _aNational Trust becomes the first major UK landowner to embrace proposals set out by Donald Curry's policy commission on farming and food. The launch of Farming Forward in Action will see the National Trust establish a collaborative scheme on a mass scale. The aim is to build a better future through enhancing the environment. For the National Trust Press Release: http://www.nationaltrust.org.uk/webpack/bin/webpack.exe/livebase?object=LiveBase1&itemurn=1348&mode=wbFullItem | ||
| 590 | _aWB | ||
| 650 | _aNATIONAL TRUST | ||
| 650 | _aFARM REFORMS | ||
| 650 | _aLANDOWNER | ||
| 650 | _aFARMING FORWARD | ||
| 650 | _aSUSTAINABLE FARMING | ||
| 690 | _aRURAL-AGRICULTURE AND FORESTRY | ||
| 942 | _n0 | ||
| 999 |
_c73134 _d73134 |
||